Descripción del reino de Granada bajo la dominación de los naseritas (Record no. 165409)

MARC details
000 -LEADER
campo de control de longitud fija 01361nam a2200253 i 4500
001 - NÚMERO DE CONTROL
campo de control 165409
003 - IDENTIFICADOR DE NÚMERO DE CONTROL
campo de control ES-MaACL
005 - FECHA Y HORA DE LA ÚLTIMA TRANSACCIÓN
campo de control 20251014063241.0
008 - DATOS DE LONGITUD FIJA--INFORMACIÓN GENERAL
campo de control de longitud fija 940202s1860 sp |||| | spa d
040 ## - FUENTE DE CATALOGACIÓN
Centro catalogador/agencia de origen AS
Lengua de catalogación spa
100 1# - ENTRADA PRINCIPAL--NOMBRE DE PERSONA
Nombre de persona Simonet, Francisco Javier,
Fechas asociadas al nombre 1829-1897
9 (RLIN) 106570
245 10 - MENCIÓN DEL TÍTULO
Título Descripción del reino de Granada bajo la dominación de los naseritas
Resto del título : sacada de los autores árabes y seguida del texto inédito de Mohammed ebn Aljathib /
Mención de responsabilidad, etc. por Francisco Javier Simonet.
260 ## - PUBLICACIÓN, DISTRIBUCIÓN, ETC.
Lugar de publicación, distribución, etc. Madrid :
Nombre del editor, distribuidor, etc. [s.n.],
Fecha de publicación, distribución, etc. 1860 (
Fabricante Imp. Nacional)
300 ## - DESCRIPCIÓN FÍSICA
Extensión 214, [10], 30 p., [1] h. pleg. ;
Dimensiones 24 cm.
500 ## - NOTA GENERAL
Nota general Texto árabe de la obra Ibn Arljatib, contenida en el códice 554 de los mss. árabes de la Biblioteca del Escorial, colección de varios opúsculos de dicho autor titulada "El justo peso de la experiencia" en la que se contienen descripciones geográficas varias y entre ellas la del reino de Granada.
594 ## - Nota al título y mención de responsabilidad
Nota al título y mención de responsabilidad Texto en árabe anexo al final de la obra.
596 ## - NOTA AL PIE DE IMPRENTA
NOTA AL PIE DE IMPRENTA Última secuencia de paginación en caracteres árabes.
650 04 - PUNTO DE ACCESO ADICIONAL DE MATERIA--TÉRMINO DE MATERIA
Término de materia o nombre geográfico como elemento de entrada Granada (Reino)-
Subdivisión general Descripción.
9 (RLIN) 136197
650 04 - PUNTO DE ACCESO ADICIONAL DE MATERIA--TÉRMINO DE MATERIA
Término de materia o nombre geográfico como elemento de entrada Granada-
Subdivisión general Historia-
Subdivisión cronológica Época musulmana, 711-1492.
9 (RLIN) 136198
700 1# - ENTRADA AGREGADA--NOMBRE PERSONAL
Nombre de persona Ibn al-Hatib, Muhammad ibn 'Abd Allâh,
Fechas asociadas al nombre 1313-1375
9 (RLIN) 162300
852 ## - LOCALIZACIÓN
Ubicación ES-MaACL
Número de control de estantería F-5418
Nota libre -- Enc. hol.
Holdings
Estatus retirado Estado de pérdida Estado de daño No para préstamo Colección Biblioteca de origen Biblioteca actual Ubicación en estantería Fecha de adquisición Fuente de adquisición Total de préstamos Signatura topográfica completa Código de barras Visto por última vez Precio de reemplazo Tipo de ítem Koha
        Libros del s. XIX Biblioteca del Ateneo de Madrid Biblioteca del Ateneo de Madrid Depósito 2 17/01/2008     F-5418 1173454 23/02/2023 23/02/2023 Libro impreso antiguo